01463cam a2200349 a 450000100090000000300040000900500170001300800410003001000170007102000180008803500230010604000510012904300120018005000230019208200170021510000200023224500860025226000440033830000250038244000570040750400660046450502260053065000470075665000340080365000540083765000310089165000280092265000290095065000250097965100260100485600830103014777242OSt20230907133221.0070321s2008 enk b 001 0 eng  a 2007011778 a9781138347298 a(OCoLC)ocm86117772 aDLCcDLCdBTCTAdBAKERdBWKUKdYDXCPdTJCdDLC aa-ii---00aPR149.I6bN39 200800a820.9bNAY/E aNayar, Pramod K10aEnglish writing and India, 1600-1920 :bcolonizing aesthetics /cPramod K. Nayar. aLondon ;aNew York :bRoutledge,c2008. axi, 208 p. ;c24 cm. 0aRoutledge research in postcolonial literatures ;v18 aIncludes bibliographical references (p. [185]-206) and index.0 aIntroduction : aesthetic negotiations -- Marvelous difficulty, 1600-1720 -- The social monstrous, 1600-1720 -- The imperial sublime, 1750-1820 -- The missionary picturesque, 1790-1860 -- The sporting luxuriant, 1850-1920. 0aEnglish literaturexHistory and criticism. 0aAuthors, EnglishxAesthetics. 0aNational characteristics, English, in literature. 0aImperialism in literature. 0aColonies in literature. 0aExoticism in literature. 0aNarration (Rhetoric) 0aIndiaxIn literature.413Table of contents onlyuhttp://www.loc.gov/catdir/toc/ecip0713/2007011778.html